Logo BPK

Biblioteka

Politechniki Koszalińskiej

Optimal'noe proektirowanie metalliceskich predvaritel'no naprjażennych ferm / (Rekord nr 22959)

Szczegóły MARC
000 -ETYKIETA REKORDU
podpole kontrolne o stałej długości 00405nam a2200145 i 4500
001 - NUMER KONTROLNY REKORDU
pole kontrolne bg
040 ## - ŹRÓDŁO KATALOGOWANIA
Instytucja, która utworzyła rekord BPK
041 ## - KOD JĘZYKA
Kod języka tekstu pol
008 - POLE O STAŁEJ DŁUGOŚCI - DANE KONTROLNE
podpole kontrolne o stałej długości s pl f |000 0 pol
100 1# - NAZWA OSOBOWA
Nazwa osobowa OL'KOV, Jakov I.
245 #0 - TYTUŁ/ODPOWIEDZIALNOŚĆ
Tytuł Optimal'noe proektirowanie metalliceskich predvaritel'no naprjażennych ferm /
Pozostałe elementy strefy tytułu i oznaczenia odpowiedzialności Ja.I. Ol'kov, I.S. Cholopov.
260 ## - STREFA ADRESU WYDAWNICZEGO
Miejsce wydania Moskva,
Data publikacji, dystrybucji/powstania dokumentu 1985.
700 1# - HASŁO DODATKOWE - NAZWA OSOBOWA
Nazwa osobowa CHOLOPOV, Igor S.
942 ## - DODATKOWE ELEMENTY (KOHA)
Typ dokumentu Książka
Egzemplarze
Wycofany Status egzemplarza Uszkodzony Dostępność Lokalizacja stała Lokalizacja bieżąca Miejsce przechowywania Sygnatura Kod kreskowy Typ dokumentu
      Dostępny Biblioteka Politechniki Koszalińskiej Biblioteka Politechniki Koszalińskiej Wypożyczalnia BG 32384 01589443 Książka
© 2023 Biblioteka Politechniki Koszalińskiej :: KOHA